000 00410nam a2200157Ia 4500
008 221030s9999 xx 000 0 und d
020 _a8177584014
041 _aEnglish
082 _a105.23
100 _aM. M. Radmanesh
245 0 _aRadio Frequency & Microwave Electronics Illustrated
_cby M. M. Radmanesh
260 _bPearson Edcuation
_aNew Delhi
_c2006
300 _a849
650 _aECE
942 _cBK
999 _c5744
_d5744